Governors of Ohio Quiz - Statistics

General Stats
  • This quiz has been taken 156 times
  • The average score is 12 of 64
Answer Stats
Years Governor % Correct
2019– Mike DeWine
85%
2011–2019 John Kasich
76%
1999–2007 Bob Taft
72%
2007–2011 Ted Strickland
53%
1892–1896 William McKinley
51%
1991–1998 George Voinovich
47%
1906–1909 Andrew L. Harris
46%
1868–1872, 1876–1877 Rutherford B. Hayes
45%
1818–1822 Ethan Allen Brown
34%
1963–1971, 1975–1983 Jim Rhodes
34%
1957–1957 John William Brown
33%
1983–1991 Dick Celeste
30%
1803–1807 Edward Tiffin
22%
1971–1975 John J. Gilligan
22%
1998–1999 Nancy Hollister
22%
1814–1818 Thomas Worthington
22%
1921–1923 Harry L. Davis
19%
1913–1915, 1917–1921 James M. Cox
19%
1866–1868 Jacob Dolson Cox
18%
1856–1860 Salmon P. Chase
18%
1931–1935 George White
17%
1939–1945 John W. Bricker
16%
1959–1963 Michael DiSalle
16%
1945–1947, 1949–1957 Frank Lausche
14%
1819–1814 Return J. Meigs Jr.
14%
1877–1878 Thomas L. Young
13%
1850–1953 Reuben Wood
12%
1832–1836 Robert Lucas
12%
1808–1810 Samuel H. Huntington
12%
1849–1850 Seabury Ford
12%
1886–1890 Joseph B. Foraker
11%
1865–1866 Charles Anderson
10%
1957–1959 C. William O'Neill
10%
1822–1826 Jeremiah Morrow
10%
1874–1876 William Allen
10%
1896–1900 Asa S. Bushnell
9%
1890–1892 James E. Campbell
9%
1836–1838 Joseph Vance
9%
1935–1939 Martin L. Davey
9%
1929–1931 Myers Y. Cooper
9%
1840–1842 Thomas Corwin
9%
1807–1808 Thomas Kirker
9%
1862–1864 David Tod
8%
1915–1917 Frank B. Willis
8%
1900–1904 George K. Nash
8%
1904–1906 Myron T. Herrick
8%
1878–1880 Richard M. Bishop
8%
1947–1949 Thomas J. Herbert
8%
1853–1956 William Medill
8%
1838–1840, 1842–1844 Wilson Shannon
8%
1822, 1826–1830 Allen Trimble
7%
1880–1884 Charles Foster
7%
1830–1832 Duncan McArthur
7%
1884–1886 George Hoadly
7%
1906 John M. Pattison
7%
1909–1913 Judson Harmon
7%
1844–1846 Mordecai Bartley
7%
1814 Othniel Looker
7%
1844 Thomas W. Bartley
7%
1846–1849 William Bebb
7%
1860–1862 William Dennison Jr.
7%
1923–1929 A. Victor Donahey
6%
1872–1874 Edward Follansbee Noyes
6%
1864–1865 John Brough
6%
No matching quizzes found
Score Distribution
Percent of People with Each Score
Percentile by Number Answered
Your Score History
You have not taken this quiz